000 00590nam a2200121Ia 4500
008 220620s9999||||xx |||||||||||||| ||und||
100 _aLayé, Sophie||Bosch-Bouju, Clémentine
245 0 _aChapter Dietary Omega-6/Omega-3 and Endocannabinoids: Implications for Brain Health and Diseases
546 _aEnglish[eng]
650 _aurban gardening, cost avoidance, profit making, economy, vegetable production, business model
856 _uhttps://library.oapen.org/bitstream/20.500.12657/49178/1/50397.pdf||https://library.oapen.org/bitstream/20.500.12657/49178/1/50397.pdf
942 _cEB
999 _c32976
_d32976